NFL Number 2 seed in the NFC Quarterbacks - Statistics

General Stats
  • This quiz has been taken 28 times
    5 since last reset
  • The average score is 47 of 62
Answer Stats
Year Team QB % Correct
2019 Packers Aaron Rodgers
100%
2014 Packers Aaron Rodgers
100%
2002 Buccaneers Brad Johnson
100%
2009 Vikings Brett Favre
100%
2007 Packers Brett Favre
100%
1997 Packers Brett Favre
100%
Brock Purdy
100%
2025 Bears Caleb Williams
100%
2013 Panthers Cam Newton
100%
2015 Cardinals Carson Palmer
100%
Colin Kaepernick
100%
2023 Cowboys Dak Prescott
100%
2000 Vikings Daunte Culpepper
100%
2020 Saints Drew Brees
100%
2006 Saints Drew Brees
100%
2024 Eagles Jalen Hurts
100%
2018 Rams Jared Goff
100%
2010 Bears Jay Cutler
100%
Jim McMahon
100%
Jim McMahon
100%
2022 49ers Jimmy Garoppolo
100%
1988 49ers Joe Montana
100%
1983 49ers Joe Montana
100%
1984 Redskins Joe Theismann
100%
2016 Falcons Matt Ryan
100%
1990 Giants Phil Simms
100%
1989 Giants Phil Simms
100%
1978 Cowboys Roger Staubach
100%
1976 Cowboys Roger Staubach
100%
1971 Cowboys Roger Staubach
100%
1995 49ers Steve Young
100%
1993 49ers Steve Young
100%
2021 Buccaneers Tom Brady
100%
1994 Cowboys Troy Aikman
100%
1992 Cowboys Troy Aikman
100%
2012 49ers Alex Smith
80%
2011 49ers Alex Smith
80%
2017 Vikings Case Keenum
80%
1982 Cowboys Danny White
80%
1981 Cowboys Danny White
80%
2008 Panthers Jake Delhomme
80%
1996 Panthers Kerry Collins
80%
2004 Falcons Michael Vick
80%
1998 Falcons Chris Chandler
60%
1974 Cardinals Jim Hart
60%
2003 Rams Marc Bulger
60%
1980 Eagles Ron Jaworski
60%
Shaun King
60%
1985 Rams Dieter Brock
40%
1979 Buccaneers Doug Williams
40%
Erik Kramer
40%
1975 Rams James Harris
40%
1970 49ers John Brodie
40%
1973 Rams John Hadl
40%
2005 Bears Kyle Orton
40%
2001 Bears Jim Miller
0%
1987 Bears Mike Tomczak
0%
1986 Bears Mike Tomczak
0%
1977 Rams Pat Haden
0%
1991 Lions Rodney Peete
0%
1972 Packers Scott Hunter
0%
1999 Buccaneers Trent Dilfer
0%
No matching quizzes found
Score Distribution
Percent of People with Each Score
Percentile by Number Answered
Your Score History
You have not taken this quiz since the last reset